Luxembourgeois célèbres par images - Statistiques

Statistiques générales
  • Ce quiz a été pris 91 fois
    87 depuis la dernière actualisation
  • Le résultat moyen est 3 sur 10
Statistiques - réponses
Par images Réponse % Correct
Stéphane Bern
90%
Henri
48%
Andy Schleck
43%
Jean-Claude Juncker
36%
Charlotte de Luxembourg
26%
Jean de Luxembourg
26%
Charly Gaul
16%
Sophie Mousel
5%
Marc Girardelli
4%
Francesco Tristano
2%
Aucun quiz correspondant
Distribution des résultats
% des personnes avec chaque résultat
Percentile par nombre de réponses
Votre historique - résultats
Vous n’avez pas pris ce quiz depuis la dernière actualisation